Geboren in Budapest - Statistiken

Allgemein
  • Dieses Quiz wurde 23 mal gespielt
    12 seit der letzten Aktualisierung
  • Das Durchschnittsergebnis liegt bei 5 aus 25
Antwortstatistiken
Hinweis Antwort % Korrekt
weltberühmter Entfesslungs- und Zauberkünstler 1874 Harry Houdini
90%
Erfinder des Zauberwürfels 1944 Ernö Rubik
60%
Nationalspieler, 1. FSV Mainz 05 1987 Ádám Szalai
40%
Fußballlegende (Real Madrid) 1927 Ferenc Puskás
40%
Nationalspieler, SC Freiburg 1997 Roland Sallai
40%
Schauspielerin, "Moulin Rouge" "Im Zeichen des Bösens", sie war achtmal verheiratet 1917 Zsa Zsa Gabor
40%
deutsche Nationalspielerin, Olympique Lyon 1992 Dzsenifer Maroszán
30%
ungarisch-amerikanischer Investor, Milliardär und Protagonist von antisemitischen Verschwörungstheorien 1930 George Soros
30%
Nationaltorwart, RB Leipzig 1990 Péter Gulácsi
30%
Journalist und Hauptbegründer des Zionismus 1860 Theodor Herzl
30%
Ingenieur, Physiknobelpreisträger und Erfinder der Holografie 1900 Dennis Gábor
20%
israelischer Satiriker und Filmregisseur, "Zieh den Stecker raus, das Wasser kocht" 1924 Ephraim Kishon
20%
Schauspielerin, Schwester von ^ 1919 Eva Gabor
20%
Erfinder des Kugelschreibers 1899 Lászlo Jószef Biro
20%
Einer der bedeutendsten Lyriker Ungarns 1905 Attila József
10%
ungarisch-amerikanischer Physiker und Medizinnobelpreisträger für seine Beiträge zur Gehörphysiologie 1899 Georg von Békésy
10%
Schriftsteller und Literaturnobelpreisträger, "Roman eines Schicksallosen" "Kaddisch für ein nicht geborenes Kind" 1929 Imre Kertesz
10%
Mitgründer von Intel 1936 Andrew Grove
0%
ungarisch-amerikanischer Informatiker und Milliardär, bekannt als Weltraumtourist und Entwickler von Microsoft Office 1948 Charles Simonyi
0%
Regiesseurin, "Körper und Seele" 1955 Ildikó Enyedi
0%
Begründer von Krav Maga 1910 Imrich Lichtenfeld
0%
kommunistischer Politiker und früherer Ministerpräsident von Ungarn 1916 Jenö Fock
0%
Regisseur, "Son of Saul" 1977 László Nemes
0%
ungarisch-amerikanischer Regisseur, "Casablanca" 1886 Michael Curtiz
0%
ungarisch-amerikanischer Milliardär und Gründer von Interactive Brokers 1944 Thomas Petterfy
0%
Keine übereinstimmenden Quizze gefunden
Verteilung der Resultate
Anzahl Personen mit jedem Resultat
Perzentil nach korrekt beantworteten Fragen
Ihre Resultats-Entwicklung
Sie haben dieses Quiz seit der letzten Aktualisierung nicht gespielt